Sleep Deprived Cities - Statistics

General Stats
  • This quiz has been taken 14 times
  • The average score is 13 of 19
Answer Stats
State City % Correct
New York New York
100%
Georgia Atlanta
92%
Massachusetts Boston
83%
Nevada Las Vegas
83%
Louisiana New Orleans
83%
Maryland Baltimore
75%
Michigan Detroit
75%
Hawaii Honolulu
75%
Tennessee Memphis
75%
Tennessee Nashville
75%
Pennsylvania Philadelphia
75%
Ohio CIncinnati
67%
Missouri Kansas City
67%
Indiana Indianapolis
58%
Wisconsin Milwaukee
58%
Ohio Cleveland
50%
New Jersey Newark
33%
Virginia Norfolk
17%
Ohio Toledo
17%
No matching quizzes found
Score Distribution
Percent of People with Each Score
Percentile by Number Answered
Your Score History
You have not taken this quiz